Amari e os Irmãos da Noite (Record no. 46013)
[ view plain ]
| 000 -Etiqueta do registo | |
|---|---|
| Valores | 00345nam a2200157 4500 |
| 100 ## - Dados gerais de processamento | |
| Dados gerais | 20260421 pory50 |
| 101 ## - Língua de publicação | |
| Língua | por |
| 102 ## - País de publicação | |
| País | PT |
| 200 ## - Titulo e menção de responsabilidade | |
| Título próprio | Amari e os Irmãos da Noite |
| Primeira menção de responsabilidade | B.B. Alston |
| 210 ## - Publicação | |
| Local de publicação | Lisboa |
| Nome do editor | Planeta |
| Data de publicação | 2021 |
| 215 ## - Descrição física | |
| Paginação / Volumes | 423 p. |
| 675 ## - CDU | |
| Notação | 82-31 |
| 801 ## - Fonte de origem | |
| País | PT |
| Regras de catalogação | RPC |
| 990 ## - Elementos KOHA | |
| Tipo de documento | Livro |
| Aquisição | Empréstimo | Código de barras | Cota | Permissão de empréstimo | Tipo de documento |
|---|---|---|---|---|---|
| Biblioteca Escolar Doutor Hernâni Cidade | Biblioteca Escolar Doutor Hernâni Cidade | 82861 | 82-93 ALS LIT. INF. JUV. | Livro |